| 000 | 00911nam a2200253Ia 4500 | ||
|---|---|---|---|
| 001 | 16324 | ||
| 003 | GE_BSU | ||
| 008 | 181216s||||||||xx |||||||||||||| ||und|| | ||
| 020 | _aISBN 978-9941-9139-3-8 | ||
| 040 | _cGE_BSU | ||
| 080 | _a343.23 | ||
| 100 | _aნაჭყებია, გურამ | ||
| 245 | _aქმედების დანაშაულად კვალიფიკაციის ზოგადი თეორია | ||
| 245 | _bდამხმ. სახელმძღვ. | ||
| 245 | _cრედ. მზია ლეკვეიშვილი ; გამომც.-რედ. ზაურ ნაჭყებია | ||
| 260 | _aთბილისი | ||
| 260 | _bინოვაცია | ||
| 260 | _c2010. | ||
| 300 | _a290გვ;20სმ | ||
| 541 | _h14ლ. | ||
| 653 | _aდანაშაული | ||
| 653 | _aსამართალი | ||
| 942 | _cBK | ||
| 999 |
_c49404 _d49404 |
||